zpět

Detail výsledku týmu

Chicago Bar & Grill ÚT, Liberec

Datum a čas kvízu

34 Celkem bodů Celkový počet nahraných bodů na tomto kvízu bez doplňovacích otázek.
7. Pořadí na kvízu Konečné umístění týmu na tomto kvízu.

Zaznamenané odpovědi

# Otázka Odpověď Body Výsledky
1. „Pro ___. Ne pro ___." Doplňte... vás; politiky 1
2. Vskutku kuriózním způsobem vyp... D 0
3. Ve čtvrtek vyšel trailer na no... bude černobílá 1
4. V pondělí byl vládou zrušen od... NERV (Národní ekonomická rada vlády) 1
5. Ze kterého města pochází tým,... ze Seattlu 0
6. Hned v úvodu bod rozdělíme: za... Ulánbátar; Altaj 0.5
7. Z následujících možností vyber... A 1
8. Jak se jmenuje hudební skupina... The Hu 1
9. Tato obydlí se v Mongolsku ozn... jurta 1
10. Jak se jmenuje česká spisovate... Petra Hůlová 0